000
00305nam a2200145Ia 4500
100
_a
Narayan/Kirin
942
_c
BK
366
_f
17.5
654
_a
family
245
_a
My family and other saints
260
_b
Happer collins
_c
2007
082
_a
808.83/NAR
_b
NAR
300
_a
339
546
_a
ENGLISH
999
_c
35150
_d
35150